Kapitoly zo slovenského jazyka učebnica
Enregistré dans:
| Auteur principal: | |
|---|---|
| Autres auteurs: | |
| Format: | Livre |
| Langue: | slovaque |
| Publié: |
Bratislava
Vydavateľstvo EKONÓM
1999
|
| Sujets: | |
| Tags: |
Pas de tags, Soyez le premier à ajouter un tag!
|
MARC
| LEADER | 00000nam a2200000 4500 | ||
|---|---|---|---|
| 001 | c119552 | ||
| 005 | 20221102132716.8 | ||
| 020 | |a 80-225-1056-4 | ||
| 041 | 0 | |a slo | |
| 044 | |a SK | ||
| 245 | 1 | 0 | |a Kapitoly zo slovenského jazyka |b učebnica |c Jozef Mlacek, Eva Tibenská |
| 264 | 1 | |a Bratislava |b Vydavateľstvo EKONÓM |c 1999 | |
| 300 | |a 150 s. | ||
| 610 | 2 | 0 | |a jazykoveda |
| 610 | 2 | 0 | |a terminológia |
| 610 | 2 | 0 | |a slovenčina |
| 100 | 1 | |a Mlacek, Jozef | |
| 700 | 1 | |a Tibenská, Eva | |